South Eastern Kenya University

Library Online Public Access Catalogue


Principles of Paleontology / (Record no. 2017)

MARC details
000 -LEADER
fixed length control field 00435nam a22001697a 4500
020 ## - INTERNATIONAL STANDARD BOOK NUMBER
International Standard Book Number 8123909179
050 ## - LIBRARY OF CONGRESS CALL NUMBER
Classification number QE711.2
Item number .R37 1985
100 ## - MAIN ENTRY--PERSONAL NAME
Personal name Raup David M.
245 ## - TITLE STATEMENT
Title Principles of Paleontology/
250 ## - EDITION STATEMENT
Edition statement 2nd Edition
260 ## - PUBLICATION, DISTRIBUTION, ETC. (IMPRINT)
Place of publication, distribution, etc. New Delhi
Name of publisher, distributor, etc. CBS Publishers and Distributors
Date of publication, distribution, etc. 1985
300 ## - PHYSICAL DESCRIPTION
Extent x, 481p.
500 ## - GENERAL NOTE
General note Includes index
650 ## - SUBJECT ADDED ENTRY--TOPICAL TERM
Topical term following geographic name as entry element Principles of Paleontology
700 ## - ADDED ENTRY--PERSONAL NAME
Personal name Steven M. Stanley
942 ## - ADDED ENTRY ELEMENTS (KOHA)
Koha item type General circulation
Holdings
Withdrawn status Lost status Source of classification or shelving scheme Damaged status Not for loan Home library Current library Shelving location Date acquired Total Checkouts Full call number Barcode Date last seen Date last checked out Price effective from Koha item type Cost, normal purchase price
    Library of Congress Classification     Main Campus Library Main Campus Library General Stacks 27/08/2014 1 QE 711.2 .R38 1985 2019/022845 26/02/2019 19/02/2019 27/08/2014 General circulation  
    Library of Congress Classification     Main Campus Library Main Campus Library General Stacks 27/08/2014 1 QE 711.2 .R38 1985 2019/022847 15/03/2016 04/03/2016   General circulation  
    Library of Congress Classification     Main Campus Library Main Campus Library General Stacks 27/08/2014 3 QE 711.2 .R38 1985 2019/022848 17/04/2019 15/04/2019   General circulation  
    Library of Congress Classification     Main Campus Library Main Campus Library General Stacks 27/08/2014   QE 711.2 .R38 1985 2019/022846 27/08/2014     General circulation 8164.08
    Library of Congress Classification     Main Campus Library Main Campus Library General Stacks 27/08/2014 1 QE 711.2 .R38 1985 2019/022849 24/03/2016 15/03/2016   General circulation  
    Library of Congress Classification     Main Campus Library Main Campus Library General Stacks 27/08/2014   QE 711.2 .R38 1985 2019/022850 27/08/2014     General circulation  
Kitui, Kenya.
+254736116989
library@seku.ac.ke